Isoenzymes (Record no. 23876)

MARC details
000 -LEADER
fixed length control field 00461nam a2200193Ia 4500
082 ## - DEWEY DECIMAL CLASSIFICATION NUMBER
Classification number 577.151.64
Item number WIL
100 ## - MAIN ENTRY--AUTHOR NAME
Personal name WILKINSON, J Henry
245 #0 - TITLE STATEMENT
Title Isoenzymes
250 ## - EDITION STATEMENT
Edition statement Ed.2
260 ## - PUBLICATION, DISTRIBUTION, ETC. (IMPRINT)
Place of publication London
Name of publisher Chapman and Hall
Year of publication 1970
650 ## - SUBJECT ADDED ENTRY--TOPICAL TERM
Topical Term Aminotransferase
650 ## - SUBJECT ADDED ENTRY--TOPICAL TERM
Topical Term Enzyme
650 ## - SUBJECT ADDED ENTRY--TOPICAL TERM
Topical Term Esterase
650 ## - SUBJECT ADDED ENTRY--TOPICAL TERM
Topical Term Hexokinase
650 ## - SUBJECT ADDED ENTRY--TOPICAL TERM
Topical Term Isoenzyme
650 ## - SUBJECT ADDED ENTRY--TOPICAL TERM
Topical Term Lactate dehydrogenase
942 ## - ADDED ENTRY ELEMENTS (KOHA)
Koha item type Books
Holdings
Withdrawn status Lost status Damaged status Not for loan Home library Current library Date acquired Full call number Accession Number Koha item type
        RRII Library RRII Library 16/12/2021 577.151.64 WIL 04570 Books